ბათუმის შოთა რუსთაველის სახელმწიფო უნივერსიტეტის ბიბლიოთეკა

Describing Discourse (ბიბ.ჩანაწერი № 45715)

000 -LEADER
fixed length control field 00522nam a2200229Ia 4500
001 - CONTROL NUMBER
control field 12542
003 - CONTROL NUMBER IDENTIFIER
control field GE_BSU
008 - FIXED-LENGTH DATA ELEMENTS--GENERAL INFORMATION
fixed length control field 181216s||||||||xx |||||||||||||| ||und||
020 ## - INTERNATIONAL STANDARD BOOK NUMBER
International Standard Book Number 9780340809617
040 ## - CATALOGING SOURCE
Transcribing agency GE_BSU
080 ## - UNIVERSAL DECIMAL CLASSIFICATION NUMBER
Universal Decimal Classification number 81'42
100 ## - MAIN ENTRY--PERSONAL NAME
Personal name Woods,Nicola
245 ## - TITLE STATEMENT
Title Describing Discourse
245 #2 - TITLE STATEMENT
Remainder of title A practical guide to discourse Analysis
260 ## - PUBLICATION, DISTRIBUTION, ETC.
Place of publication, distribution, etc. London
260 ## - PUBLICATION, DISTRIBUTION, ETC.
Name of publisher, distributor, etc. Hodder Arnold
260 ## - PUBLICATION, DISTRIBUTION, ETC.
Date of publication, distribution, etc. 2006
300 ## - PHYSICAL DESCRIPTION
Extent 203p.22cm.
653 ## - INDEX TERM--UNCONTROLLED
Uncontrolled term Describing Discourse
942 ## - ADDED ENTRY ELEMENTS (KOHA)
Koha item type წიგნი
ეგზემპლარები
Withdrawn status Lost status Damaged status Not for loan Date acquired Barcode Date last seen Price effective from Koha item type
        2018-12-17 36333 2018-12-17 2018-12-17 წიგნი
        2018-12-17 36334 2018-12-17 2018-12-17 წიგნი
        2018-12-17 36335 2018-12-17 2018-12-17 წიგნი
        2018-12-17 36336 2018-12-17 2018-12-17 წიგნი
        2018-12-17 36337 2018-12-17 2018-12-17 წიგნი